MARC details
| 000 -CABECERA |
| campo de control de longitud fija |
02409nam a2200385 i 4500 |
| 001 - NÚMERO DE CONTROL |
| campo de control |
000002999 |
| 003 - IDENTIFICADOR DEL NÚMERO DE CONTROL |
| campo de control |
DO-SdBNP |
| 005 - FECHA Y HORA DE LA ÚLTIMA TRANSACCIÓN |
| campo de control |
20231002121047.0 |
| 007 - CAMPO FIJO DE DESCRIPCIÓN FÍSICA--INFORMACIÓN GENERAL |
| campo de control de longitud fija |
ta |
| 008 - DATOS DE LONGITUD FIJA--INFORMACIÓN GENERAL |
| campo de control de longitud fija |
090630s2002 dr r 000 0 spa d |
| 020 ## - NÚMERO INTERNACIONAL ESTÁNDAR DEL LIBRO |
| Número Internacional Estándar del Libro |
9993430412 |
| 040 ## - FUENTE DE LA CATALOGACIÓN |
| Centro catalogador/agencia de origen |
DO-SdBNP |
| Lengua de catalogación |
spa |
| Centro/agencia transcriptor |
BNPHU |
| Normas de descripción |
rda |
| 082 #4 - NÚMERO DE LA CLASIFICACIÓN DECIMAL DEWEY |
| Número de clasificación |
330.97293 |
| Número de documento/Ítem |
C744n, 2001 |
| Número de edición |
22 |
| 111 ## - ENTRADA PRINCIPAL--NOMBRE DE CONGRESO/REUNIÓN |
| Nombre de congreso/reunión o jurisdicción como elemento de entrada |
Concurso Biblioteca Juan Pablo Duarte |
| 9 (RLIN) |
6999 |
| Fecha del congreso/reunión |
(2002 : |
| Sede del congreso/Lugar de la reunión |
Santo Domingo) |
| 245 10 - MENCIÓN DE TÍTULO |
| Título |
Nueva literatura económica dominicana : |
| Resto del título |
premios del concurso Biblioteca "Juan Pablo Duarte", 2001 / |
| Mención de responsabilidad, etc. |
Peter Prazmowski ... [et al.] ; edición, Grey S. de Raful, Betania Corletto ; prólogo, Luis Manuel Piantini Munnigh ; agradecimientos, Francisco Guerrero Prats. |
| 246 13 - FORMA VARIANTE DE TÍTULO |
| Título propio/Titulo breve |
Premios del Concurso Biblioteca "Juan Pablo Duarte" |
| 264 ## - PRODUCCIÓN, PUBLICACIÓN, DISTRIBUCIÓN, FABRICACIÓN Y COPYRIGHT |
| Producción, publicación, distribución, fabricación y copyright |
Santo Domingo : |
| Nombre del de productor, editor, distribuidor, fabricante |
Banco Central de la República Dominicana. Departamento Cultural, |
| Fecha de producción, publicación, distribución, fabricación o copyright |
2002 |
| 300 ## - DESCRIPCIÓN FÍSICA |
| Extensión |
280 páginas ; |
| Dimensiones |
23 cm. |
| 336 ## - TIPO DE CONTENIDO |
| Fuente |
rdacontent |
| Término de tipo de contenido |
texto |
| Código de tipo de contenido |
txt |
| 337 ## - TIPO DE MEDIO |
| Fuente |
rdamedia |
| Nombre/término del tipo de medio |
sin mediación |
| Código del tipo de medio |
n |
| 338 ## - TIPO DE SOPORTE |
| Fuente |
rdacarrier |
| Nombre/término del tipo de soporte |
volumen |
| Código del tipo de soporte |
nc |
| 490 ## - MENCIÓN DE SERIE |
| Mención de serie |
Banco Central de la República Dominicana ; |
| Designación de volumen o secuencia |
51 |
| 490 ## - MENCIÓN DE SERIE |
| Mención de serie |
Nueva literatura económica ; |
| Designación de volumen o secuencia |
5 |
| 505 0# - NOTA DE CONTENIDO CON FORMATO |
| Nota de contenido con formato |
Prólogo -- Agradecimiento -- Primera parte. Consumo, ahorro y la teoría del ciclo vital estocástico con movilidad parcial de capitales : El caso de la República Dominicana / Peter A. Prazmowski -- Segunda parte. La programación financiera y la gestión pública / Rodrigo Jaque García -- Tercera parte. "Dominicana en la era de la globalizacióón" / Jerson Del Rosario -- Cuarta parte. Simulación de desempeño de Fondos de Pensiones / Felipe Antonio Llaugel -- Quinta parte. "Viabilidad del comercio electrónico en el mercado dominicano" / Marjorie Castillo Tezanos -- Colección del Banco Central de la República Dominicana. |
| 590 ## - NOTA LOCAL (RLIN) |
| Nota local |
Inventariado, 2018/ YL |
| 650 #4 - PUNTO DE ACCESO ADICIONAL DE MATERIA--TÉRMINO DE MATERIA |
| Término de materia o nombre geográfico como elemento de entrada |
Administradoras de fondos de pensiones |
| Subdivisión de forma |
Congresos, conferencias, etc. |
| 9 (RLIN) |
9525 |
| 651 #4 - PUNTO DE ACCESO ADICIONAL DE MATERIA--NOMBRE GEOGRÁFICO |
| Nombre geográfico |
República Dominicana |
| Subdivisión general |
Condiciones económicas |
| Subdivisión de forma |
Congresos, conferencias, etc. |
| 9 (RLIN) |
7000 |
| 651 #4 - PUNTO DE ACCESO ADICIONAL DE MATERIA--NOMBRE GEOGRÁFICO |
| Nombre geográfico |
República Dominicana |
| Subdivisión general |
Política económica |
| Subdivisión de forma |
Congresos, conferencias, etc. |
| 9 (RLIN) |
7001 |
| 700 1# - PUNTO DE ACCESO ADICIONAL--NOMBRE DE PERSONA |
| Nombre de persona |
Raul, Grey S. de, |
| Títulos y otros términos asociados al nombre |
edición |
| 9 (RLIN) |
9526 |
| 700 1# - PUNTO DE ACCESO ADICIONAL--NOMBRE DE PERSONA |
| Nombre de persona |
Corletto, Betania, |
| Término indicativo de función/relación |
edición |
| 9 (RLIN) |
9527 |
| 710 2# - PUNTO DE ACCESO ADICIONAL--NOMBRE DE ENTIDAD CORPORATIVA |
| Nombre de entidad corporativa o nombre de jurisdicción como elemento de entrada |
Banco Central de la República Dominicana. |
| Unidad subordinada |
Departamento Cultural. |
| 9 (RLIN) |
7006 |
| 830 0# - PUNTO DE ACCESO ADICIONAL DE SERIE-TÍTULO UNIFORME |
| Título uniforme |
Bnco Central de la |
| 9 (RLIN) |
84321 |
| 910 ## - DATOS DE OPCIÓN DEL USUARIO (OCLC) |
| Datos de opción del usuario |
Validado. Control de calidad MFF |
| 942 ## - ELEMENTOS DE PUNTO DE ACCESO ADICIONAL (KOHA) |
| Fuente del sistema de clasificación o colocación |
Dewey Decimal Classification |
| Tipo de ítem Koha |
Libro |